Trzecie największe miasto każdego województwa - Statystyki

Ogólne statystyki
  • Ten quiz został rozwiązany 52 razy
  • Średni wynik to 12 z 16
Statystyki odpowiedzi
Odpowiedź % Poprawnych
Legnica
85%
Łomża
83%
Chełm
81%
Włocławek
81%
Piła
79%
Sosnowiec
79%
Ełk
77%
Nowy Sącz
77%
Płock
77%
Przemyśl
77%
Słupsk
73%
Pabianice
71%
Starachowice
67%
Stargard
67%
Nysa
58%
Nowa Sól
42%
Nie znaleziono quizów pasujących do podanych kryteriów
Rozkład punktacji
Procent ludzi z każdym wynikiem
Percentyl według liczby udzielonych odpowiedzi
Twoja historia wyników
Nie rozwiązałeś tego quizu